DIAMENTOWE POLSKIE PŁYTY 2013-2023 - Statystyki

Ogólne statystyki
  • Ten quiz został rozwiązany 78 razy
  • Średni wynik to 8 z 17
Statystyki odpowiedzi
Hint Odpowiedź % Poprawnych
Mata 100 dni do matury
88%
Mata Młody Matczak
84%
Quebonafide Egzotyka
82%
Bedoes, Lanek Opowieści z Doliny Smoków
76%
Quebonafide ROMANTIC PSYCHO
68%
Sobel Pułapka Na Motyle
66%
Taconafide Soma 0,5 mg
59%
Sanah Irenka
41%
Dawid Podsiadło Małomiasteczkowy
41%
Paluch Czerwony Dywan
40%
Paluch Ostatni Krzyk Osiedla
40%
Sanah UCZTA
38%
Gang Albanii Królowie życia
37%
Popek x Matheo Król Albanii
26%
Sanah Królowa Dram
26%
Donatan Równonoc. Słowiańska dusza
7%
Kamil Bednarek Jestem...
0%
Nie znaleziono quizów pasujących do podanych kryteriów
Rozkład punktacji
Procent ludzi z każdym wynikiem
Percentyl według liczby udzielonych odpowiedzi
Twoja historia wyników
Nie rozwiązałeś tego quizu